Investment /

Spremljeno u:
Bibliografski detalji
Glavni autor: Curry, S. J. (Stephen James)
Format: Knjiga
Jezik:English
Izdano: London : Financial Training, 1985.
Serija:Bankers questions & answers
Teme:
LEADER 01148cam a2200301 a 4500
001 c000293616
003 CARM
005 20090828124826.0
008 860512s1985 enka 001 0 eng d
015 |a b8608940 
019 1 |a 4845173  |z 44248845  |5 LACONCORD2021 
020 |a 0906322596 (pbk)  |c £6.95 
035 |a (OCoLC)13702640  |5 LACONCORD2021 
040 |a BNB  |b eng  |c BNB  |d BNB  |d VCAV 
043 |a e-uk--- 
082 0 4 |a 332.60941  |2 19 
100 1 |a Curry, S. J.  |q (Stephen James) 
245 1 0 |a Investment /  |c Stephen J. Curry. 
260 |a London :  |b Financial Training,  |c 1985. 
300 |a vii, 205 p. :  |b ill. ;  |c 24 cm. 
490 0 |a Bankers questions & answers 
500 |a Great Britain. Investment. - Questions & answers - For banking (BNB/PRECIS) 
504 |a Includes index. 
650 0 |a Investments  |z Great Britain  |v Problems, exercises, etc. 
653 |a Great Britain  |a Investment  |a For banking 
852 8 |b CARM  |h A3:AD31B0  |i B11376  |p 0531720  |f BK 
999 f f |i 5f942f8f-37da-5116-ba7d-a5ca2babc239  |s 4095954b-d4e7-56d7-bdb1-e222c3df574e 
952 f f |p Can circulate  |a CAVAL  |b CAVAL  |c CAVAL  |d CARM 1 Store  |e B11376  |f A3:AD31B0  |h Other scheme  |i book  |m 0531720